Communication; Handling Ideas Efectively (Record no. 1065)

MARC details
000 -LEADER
fixed length control field 00556nam a2200229 a 4500
020 ## - INTERNATIONAL STANDARD BOOK NUMBER
ISBN
082 00 - DEWEY DECIMAL CLASSIFICATION NUMBER
Classification number 001.42
Author Cutter JOH
100 ## - MAIN ENTRY--AUTHOR NAME
Author name Johnson, Roy Ivan
245 ## - TITLE STATEMENT
Title Communication; Handling Ideas Efectively
260 ## - PUBLICATION, DISTRIBUTION, ETC. (IMPRINT)
Place of publication New York
Name of publisher Mcgraw-Hill Book Co
Year of publication 1956
300 ## - PHYSICAL DESCRIPTION
Number of Pages 361p
500 ## - GENERAL NOTE
General note includes index and biblioraphy
505 2# - FORMATTED CONTENTS NOTE
Formatted contents note index
650 ## - SUBJECT ADDED ENTRY--TOPICAL TERM
Topical Term Report Making
942 ## - ADDED ENTRY ELEMENTS (KOHA)
Koha item type Books
Holdings
Collection code Home library Current library Date acquired Cost, normal purchase price Full call number Accession Number Koha item type
  Henry Martyn Institute Library Henry Martyn Institute Library 05/24/2005 0.00 001.42 JOH 02241 Books
                   Copyright © 2026 | Henry Martyn Institute | Hyderabad | TS-500052 | INDIA | Implemented by hmi.edu.in
Hit-Count:

Powered by Koha